[Event "Pere Noel U1800"]
[Site "Montreal CAN"]
[Date "2023.12.29"]
[Round "3.47"]
[White "Zlotnikov, Jonathan"]
[Black "Chagnon, Francois"]
[Result "1-0"]
[WhiteElo "1422"]
[BlackElo "1487"]
[PlyCount "99"]
[EventDate "2023.12.27"]
[EventType "swiss"]
[EventRounds "5"]
[EventCountry "CAN"]

1. e4 c6 2. d4 d5 3. f3 e6 4. e5 c5 5. c3 cxd4 6. cxd4 a6 7. Na3 Nc6 8. Nc2 Qb6
9. a3 Nge7 10. f4 Nf5 11. Nf3 Be7 12. Bd3 Nh4 13. Nxh4 Bxh4+ 14. g3 Be7 15. Be2
Na5 16. b4 Nb3 17. Rb1 Nxc1 18. Qxc1 Bd7 19. Qb2 Rc8 20. O-O O-O 21. Rf3 Bb5
22. Bxb5 Qxb5 23. f5 Bg5 24. h4 Qe2 25. Rf2 Be3 26. Nxe3 Qxe3 27. Kh2 Rc3 28.
Rg2 exf5 29. Rf1 g6 30. a4 Rfc8 31. b5 Rb3 32. Qa2 axb5 33. axb5 Qd3 34. Rf4
Qxb5 35. Rff2 Rb4 36. Qd2 Qb6 37. Rf4 Rcc4 38. Qa2 Rxd4 39. Qa8+ Kg7 40. Rff2
Re4 41. h5 gxh5 42. Rxf5 Qg6 43. Rf6 Rh4+ 44. gxh4 Rxh4+ 45. Kg1 Qxg2+ 46. Kxg2
Rg4+ 47. Kf3 Rg6 48. Qd8 h4 49. Qe7 Rg3+ 50. Kf2 1-0

[Event "Pere Noel U1800"]
[Site "Montreal CAN"]
[Date "2023.12.29"]
[Round "3.48"]
[White "Germain, Max jr"]
[Black "Ouni, Iheb"]
[Result "1-0"]
[WhiteElo "1426"]
[BlackElo "1363"]
[PlyCount "71"]
[EventDate "2023.12.27"]
[EventType "swiss"]
[EventRounds "5"]
[EventCountry "CAN"]

1. d4 d5 2. c4 e5 3. e3 e4 4. a3 Nf6 5. Nc3 Be6 6. Qb3 b6 7. cxd5 Bxd5 8. Nxd5
Qxd5 9. Bc4 Qd7 10. Ne2 Bd6 11. h3 O-O 12. Nc3 Nc6 13. Bb5 Na5 14. Qc2 c6 15.
Be2 Rfe8 16. b4 Nb7 17. Bb2 Qe7 18. Rd1 a5 19. b5 cxb5 20. Nxb5 Rac8 21. Qb1
Bb8 22. Rc1 Rxc1+ 23. Qxc1 Qd7 24. O-O Nd6 25. a4 Nxb5 26. Bxb5 Qc7 27. g3 Qxc1
28. Rxc1 Bd6 29. Rc6 Bb4 30. Bc4 Nd7 31. Bd5 Rd8 32. Bxe4 Nf6 33. Bg2 h6 34.
Rxb6 Rc8 35. Rc6 Rb8 36. Rc2 {illisible} 1-0

[Event "Pere Noel U1800"]
[Site "Montreal CAN"]
[Date "2023.12.29"]
[Round "3.49"]
[White "Rebhi, Mohamed"]
[Black "Bergeron, Jean-Guy"]
[Result "0-1"]
[WhiteElo "1256"]
[BlackElo "1427"]
[PlyCount "83"]
[EventDate "2023.12.27"]
[EventType "swiss"]
[EventRounds "5"]
[EventCountry "CAN"]

1. Nf3 Nc6 2. c3 e5 3. e4 Nf6 4. d3 Bc5 5. Be3 Be7 6. h3 O-O 7. Be2 d5 8. exd5
Nxd5 9. Bc1 Bf5 10. Nbd2 Nf4 11. O-O Nxe2+ 12. Kh1 Bxd3 13. Re1 Nxc1 14. Rxc1
Bf6 15. Qb3 b5 16. Ne4 Bc4 17. Qa3 Be7 18. b4 f5 19. Rcd1 Qe8 20. Ned2 e4 21.
Ng1 Ne5 22. f4 Nd3 23. Rf1 Bd6 24. Ne2 e3 25. Nxc4 bxc4 26. Qa6 Nf2+ 27. Kg1
Nxd1 28. Rxd1 Qe4 29. Rd4 Qb1+ 30. Kh2 Qb2 31. Qxc4+ Kh8 32. Kg3 Rae8 33. a4
Qb1 34. a5 Qe1+ 35. Kh2 Rf6 36. Qb5 Ref8 37. Qd3 Qf2 38. Kh1 Rg6 39. g3 Rh6 40.
h4 Rg6 41. b5 Rxg3 42. Nxg3 {illisible} 0-1

[Event "Pere Noel U1800"]
[Site "Montreal CAN"]
[Date "2023.12.29"]
[Round "3.50"]
[White "Tremblay, Xavier"]
[Black "Wang, Andrew"]
[Result "0-1"]
[WhiteElo "1388"]
[BlackElo "1258"]
[PlyCount "88"]
[EventDate "2023.12.27"]
[EventType "swiss"]
[EventRounds "5"]
[EventCountry "CAN"]

1. d4 d5 2. c4 e6 3. Nc3 Nf6 4. cxd5 exd5 5. Bg5 Be7 6. e3 O-O 7. Bd3 Nbd7 8.
Nge2 Re8 9. O-O Nf8 10. Qc2 h6 11. Bh4 Ne6 12. Rad1 c6 13. f3 b6 14. Kh1 Bb7
15. Bf5 Qc7 16. Bxe6 fxe6 17. Nf4 Bd6 18. Bxf6 gxf6 19. Nh5 Qf7 20. g4 e5 21.
Qf5 Re6 22. f4 e4 23. g5 fxg5 24. fxg5 Qxf5 25. Rxf5 hxg5 26. Rxg5+ Kh8 27.
Rdg1 Rh6 28. R1g2 Rf8 29. Kg1 Ba6 30. Nf4 Bxf4 31. exf4 Re8 32. Kf2 e3+ 33. Ke1
Rh3 34. f5 Rf8 35. Ne2 Bxe2 36. Kxe2 Rf7 37. b4 b5 38. a3 Kh7 39. Rg6 Rxf5 40.
Rxc6 Rf4 41. Rc7+ Kh6 42. Rxa7 Rxd4 43. Re7 Rd2+ 44. Kf1 Rf3+ 0-1

[Event "Pere Noel U1800"]
[Site "Montreal CAN"]
[Date "2023.12.30"]
[Round "4.28"]
[White "Bernard, Axel"]
[Black "Chen, Chen"]
[Result "1-0"]
[WhiteElo "1417"]
[BlackElo "1530"]
[PlyCount "75"]
[EventDate "2023.12.27"]
[EventType "swiss"]
[EventRounds "5"]
[EventCountry "CAN"]

1. d4 f5 2. g3 Nf6 3. c4 g6 4. Bg2 d6 5. Nf3 Bg7 6. Nc3 c6 7. O-O O-O 8. b3 Qc7
9. Bb2 e5 10. c5 e4 11. cxd6 Qxd6 12. Ne5 Nfd7 13. f4 Rd8 14. e3 Nxe5 15. fxe5
Qe6 16. Qe2 b6 17. Qc4 Na6 18. Ne2 Bh6 19. Nf4 Bxf4 20. Rxf4 Qxc4 21. bxc4 Nb4
22. Rf2 Nd3 23. Rc2 g5 24. g4 Nxb2 25. Rxb2 f4 26. Bxe4 Bxg4 27. Bxc6 Rac8 28.
Bd5+ Rxd5 29. cxd5 fxe3 30. Re1 Rc4 31. Rxe3 Rxd4 32. e6 Kf8 33. Rf2+ Ke8 34.
e7 Rf4 35. Rxf4 gxf4 36. Re5 Bf3 37. d6 Bc6 38. Rf5 1-0

[Event "Pere Noel U1800"]
[Site "Montreal CAN"]
[Date "2023.12.30"]
[Round "4.29"]
[White "Lajoie, Luc"]
[Black "Ivanov Yuan, Maksim"]
[Result "0-1"]
[WhiteElo "1644"]
[BlackElo "1488"]
[PlyCount "88"]
[EventDate "2023.12.27"]
[EventType "swiss"]
[EventRounds "5"]
[EventCountry "CAN"]

1. e4 e5 2. Nf3 Nc6 3. Bc4 Bc5 4. b4 Bxb4 5. c3 Be7 6. d4 exd4 7. O-O d6 8.
cxd4 Nf6 9. Nc3 Bg4 10. Qb3 O-O 11. Ng5 Nxd4 12. Bxf7+ Kh8 13. Qc4 Nd7 14. f4
Bxg5 15. fxg5 Ne5 16. Qxd4 Rxf7 17. Rxf7 Nxf7 18. g6 Ne5 19. gxh7 Qf6 20. Be3
c5 21. Qd2 Nc4 22. Qc1 Nxe3 23. Qxe3 Rf8 24. h3 Bd7 25. Rd1 Bc6 26. Ne2 Qe5 27.
Ng3 b6 28. Qd3 Rd8 29. Qf3 Qf6 30. Qg4 Bd7 31. Qe2 Be6 32. Kh1 d5 33. e5 Qg5
34. Nh5 d4 35. g4 c4 36. Kh2 d3 37. Qe4 Bd5 38. Qf5 Qxf5 39. gxf5 Bf3 40. Nxg7
Bxd1 41. f6 Kxh7 42. e6 Kg6 43. Nh5 Bxh5 44. f7 Kf6 0-1

[Event "Pere Noel U1800"]
[Site "Montreal CAN"]
[Date "2023.12.30"]
[Round "4.30"]
[White "El-Hassak, Mouhcine"]
[Black "Hu, Richard"]
[Result "0-1"]
[WhiteElo "1558"]
[BlackElo "1515"]
[PlyCount "66"]
[EventDate "2023.12.27"]
[EventType "swiss"]
[EventRounds "5"]
[EventCountry "CAN"]

1. e4 c5 2. Nf3 d6 3. Nc3 Nf6 4. d4 cxd4 5. Nxd4 g6 6. f3 Bg7 7. Be3 O-O 8. Qd2
Nc6 9. g4 Bd7 10. h4 h5 11. g5 Nh7 12. Nxc6 bxc6 13. Bc4 a5 14. a4 Rb8 15. Bb3
Be6 16. Qd1 Bxb3 17. cxb3 Qc7 18. Rc1 Qb7 19. Bd4 Qxb3 20. Qxb3 Rxb3 21. Bxg7
Kxg7 22. Rh2 f6 23. gxf6+ Rxf6 24. Nd1 c5 25. e5 Rfxf3 26. Ke2 Rf4 27. exd6
exd6 28. Rc3 Rbb4 29. Rd3 Rfd4 30. Rxd4 Rxd4 31. Nc3 Nf6 32. Ke1 Ne4 33. Nxe4
Rxe4+ 0-1

[Event "Pere Noel U1800"]
[Site "Montreal CAN"]
[Date "2023.12.30"]
[Round "4.32"]
[White "Baran, Marius"]
[Black "Tang-Han, Sean"]
[Result "1-0"]
[WhiteElo "1736"]
[BlackElo "1418"]
[PlyCount "161"]
[EventDate "2023.12.27"]
[EventType "swiss"]
[EventRounds "5"]
[EventCountry "CAN"]

1. d4 Nf6 2. c4 g6 3. Nc3 Bg7 4. Nf3 d6 5. Bg5 O-O 6. e3 c5 7. d5 h6 8. Bh4 Qb6
9. Rb1 Bf5 10. Bd3 Bxd3 11. Qxd3 Nbd7 12. h3 a6 13. O-O e6 14. dxe6 fxe6 15.
Qxg6 Qc6 16. a4 Rf7 17. Rfd1 d5 18. cxd5 exd5 19. Qc2 Re8 20. b3 Ne5 21. Nxe5
Rxe5 22. Rbc1 b6 23. Bg3 Re6 24. Qd3 Rd7 25. Qxa6 Nh5 26. Bh2 Rg6 27. Ne2 d4
28. Ng3 Nxg3 29. Qc4+ Kh7 30. fxg3 dxe3 31. Rxd7 Qxd7 32. Qc2 Qd2 33. g4 Bd4
34. Kh1 Qf2 35. Bg1 Qxc2 36. Rxc2 Rf6 37. g3 Rf1 38. Re2 Rb1 39. Kg2 Rxb3 40.
Kf3 Kg6 41. h4 Kf6 42. Bxe3 Bxe3 43. Rxe3 Rxe3+ 44. Kxe3 Ke5 45. Kd3 Kd5 46. g5
hxg5 47. h5 Ke6 48. g4 Ke5 49. Kc4 Kf6 50. a5 bxa5 51. Kxc5 a4 52. Kb4 a3 53.
Kxa3 Ke6 54. Kb3 Ke5 55. Kc3 Ke6 56. Kd3 Kf6 57. Kd4 Ke6 58. Ke4 Kf6 59. Kd5
Kg7 60. Ke6 Kh6 61. Kf6 Kh7 62. Kxg5 Kg7 63. Kf5 Kf7 64. h6 Kg8 65. Kg6 Kh8 66.
g5 Kg8 67. Kf6 Kh7 68. Kf7 Kh8 69. h7 Kxh7 70. g6+ Kh6 71. g7 Kg5 72. g8=Q+ Kf4
73. Qe8 Kf3 74. Qe5 Kf2 75. Qc3 Ke2 76. Kf6 Kf2 77. Kf5 Ke2 78. Kf4 Kd1 79. Qb2
Ke1 80. Ke3 Kf1 81. Qf2# 1-0

[Event "Pere Noel U1800"]
[Site "Montreal CAN"]
[Date "2023.12.30"]
[Round "4.33"]
[White "Saillant, Christopher"]
[Black "Robillard, Guillaume"]
[Result "1-0"]
[WhiteElo "1375"]
[BlackElo "1650"]
[PlyCount "113"]
[EventDate "2023.12.27"]
[EventType "swiss"]
[EventRounds "5"]
[EventCountry "CAN"]

1. e4 c5 2. Nc3 d6 3. f4 g6 4. Nf3 Bg7 5. Bb5+ Nc6 6. Bxc6+ bxc6 7. O-O e6 8.
d3 Ne7 9. Qe1 O-O 10. Be3 Rb8 11. b3 f5 12. Rd1 Qa5 13. Bd2 Qc7 14. Qh4 d5 15.
e5 c4 16. dxc4 dxc4 17. Be3 Nd5 18. Nxd5 cxd5 19. Qf2 Ba6 20. Rfe1 Rb7 21. Bc5
Rc8 22. b4 Bb5 23. c3 a5 24. a3 Ba4 25. Ra1 Qd7 26. bxa5 Rxc5 27. Qxc5 Bf8 28.
Qf2 Rb5 29. Rab1 Bb3 30. Nd4 Bc5 31. Kh1 Rxa5 32. Qd2 Rxa3 33. Ra1 Kf7 34. Rxa3
Bxa3 35. Ra1 Qa4 36. Nb5 Qxb5 37. Rxa3 Qc5 38. Ra8 d4 39. Qxd4 Qxd4 40. cxd4 c3
41. Rc8 c2 42. Kg1 Ke7 43. Kf2 Kd7 44. Rc5 h6 45. Ke2 Ba4 46. Kd2 Bc6 47. g3
Be4 48. Rxc2 Bxc2 49. Kxc2 h5 50. h4 Kc6 51. Kc3 Kc7 52. Kc4 Kc6 53. d5+ exd5+
54. Kd4 Kc7 55. Kxd5 Kd7 56. e6+ Ke7 57. Ke5 1-0

[Event "Pere Noel U1800"]
[Site "Montreal CAN"]
[Date "2023.12.30"]
[Round "4.34"]
[White "Nica, Ion"]
[Black "Hammoud, Khaled"]
[Result "0-1"]
[WhiteElo "1634"]
[BlackElo "1372"]
[PlyCount "128"]
[EventDate "2023.12.27"]
[EventType "swiss"]
[EventRounds "5"]
[EventCountry "CAN"]

1. d4 Nf6 2. Bf4 d5 3. Nf3 Bf5 4. e3 e6 5. Nbd2 Bd6 6. c3 Bxf4 7. exf4 c6 8.
Qb3 Qb6 9. h3 Nbd7 10. Ne5 Nxe5 11. fxe5 Ne4 12. Nxe4 Bxe4 13. f3 Bg6 14. h4 h5
15. Be2 Rc8 16. Qxb6 axb6 17. Kd2 c5 18. Rhc1 Ke7 19. Bd3 Bxd3 20. Kxd3 Rc6 21.
Rc2 Rhc8 22. Rac1 f6 23. f4 Kf7 24. g3 Kg6 25. Ke3 cxd4+ 26. Kxd4 Rc4+ 27. Kd3
fxe5 28. fxe5 Re4 29. Re2 Rxe2 30. Kxe2 Rc4 31. Rd1 Re4+ 32. Kf3 Rxe5 33. Rd4
Rf5+ 34. Kg2 Kf6 35. a3 Kf7 36. Ra4 Kg6 37. Ra7 Rf7 38. a4 e5 39. b4 e4 40. a5
bxa5 41. Rxa5 Rd7 42. Kf2 Kf6 43. Ke3 Ke6 44. Kd4 Rd6 45. Ra7 Rc6 46. Ra3 Rc4+
47. Ke3 Kf5 48. Rb3 Ke5 49. b5 Rxc3+ 50. Rxc3 d4+ 51. Kd2 dxc3+ 52. Kxc3 g6 53.
b6 Kd5 54. Kd2 Kd4 55. Ke2 e3 56. Ke1 Ke5 57. Kf1 Kf5 58. Ke2 Ke4 59. Ke1 Kf3
60. Kf1 Kxg3 61. Ke2 Kxh4 62. Kxe3 Kg3 63. Kd4 h4 64. Kd5 h3 0-1

[Event "Pere Noel U1800"]
[Site "Montreal CAN"]
[Date "2023.12.30"]
[Round "4.35"]
[White "Zhou, Julian"]
[Black "Porlier, Xavier"]
[Result "0-1"]
[WhiteElo "1147"]
[BlackElo "1614"]
[PlyCount "82"]
[EventDate "2023.12.27"]
[EventType "swiss"]
[EventRounds "5"]
[EventCountry "CAN"]

1. e4 c5 2. Nf3 Nc6 3. c3 d5 4. e5 g6 5. d4 Bg7 6. Bf4 Bg4 7. Be2 cxd4 8. cxd4
e6 9. O-O Nge7 10. Nc3 O-O 11. h3 Bxf3 12. Bxf3 Qb6 13. Be3 Nf5 14. Na4 Qd8 15.
g4 Nxe3 16. fxe3 Qg5 17. Qc1 Bh6 18. Re1 Qh4 19. Kg2 Nxd4 20. Qd2 Nxf3 21. Kxf3
Qxh3+ 22. Kf2 Qxg4 23. Nc5 Bg5 24. Nd7 Qf5+ 25. Ke2 Rfc8 26. Rac1 Qg4+ 27. Kf1
Rxc1 28. Qxc1 Qf3+ 29. Kg1 Bh4 30. Rf1 Qg3+ 31. Kh1 Qh3+ 32. Kg1 Bg3 33. Nf6+
Kg7 34. Qc2 Bxe5 35. Nd7 Qxe3+ 36. Kh1 Qh3+ 37. Kg1 Bd4+ 38. Rf2 Qg3+ 39. Kf1
Qxf2+ 40. Qxf2 Bxf2 41. Kxf2 Rc8 0-1

[Event "Pere Noel U1800"]
[Site "Montreal CAN"]
[Date "2023.12.30"]
[Round "4.36"]
[White "Mourad, Michel"]
[Black "Sun, Jonathan"]
[Result "1-0"]
[WhiteElo "1598"]
[BlackElo "1398"]
[PlyCount "67"]
[EventDate "2023.12.27"]
[EventType "swiss"]
[EventRounds "5"]
[EventCountry "CAN"]

1. d4 g6 2. c4 Nf6 3. Nc3 Bg7 4. e4 d6 5. Bd3 O-O 6. Bg5 Nbd7 7. Nf3 e5 8. d5
Nc5 9. Bc2 a5 10. a3 h6 11. Be3 b6 12. h3 Ne8 13. Nd2 f5 14. O-O f4 15. Bxc5
bxc5 16. Kh2 g5 17. f3 Nf6 18. Ne2 h5 19. Rh1 Rf7 20. g3 Bf8 21. g4 hxg4 22.
hxg4 Bxg4 23. fxg4 Nxg4+ 24. Kg1 f3 25. Nf1 fxe2 26. Qxe2 Rf4 27. Nh2 Nxh2 28.
Rxh2 Qe8 29. Rf1 Rxf1+ 30. Qxf1 Qg6 31. Qh3 Bg7 32. Bd1 Qxe4 33. Qe6+ Kf8 34.
Rf2+ 1-0

[Event "Pere Noel U1800"]
[Site "Montreal CAN"]
[Date "2023.12.30"]
[Round "4.39"]
[White "Saspotas, Mashe"]
[Black "Zlotnikov, Jonathan"]
[Result "1-0"]
[WhiteElo "1514"]
[BlackElo "1422"]
[PlyCount "83"]
[EventDate "2023.12.27"]
[EventType "swiss"]
[EventRounds "5"]
[EventCountry "CAN"]

1. e4 c5 2. Nf3 g6 3. d4 cxd4 4. Nxd4 Bg7 5. Nc3 Nc6 6. Be3 Nf6 7. f3 d6 8. Qd2
Bd7 9. O-O-O a6 10. Bh6 Bxh6 11. Qxh6 Nxd4 12. Rxd4 Qb6 13. Rd2 O-O-O 14. Bc4
Be6 15. Bxe6+ fxe6 16. Qh3 Kd7 17. e5 Ne8 18. Re1 Nc7 19. exd6 exd6 20. Nd5 Qa5
21. Nxc7 Kxc7 22. Qxe6 Rd7 23. Re4 Rhd8 24. a3 d5 25. Qe5+ Kb6 26. Qd4+ Kc7 27.
Re5 Qb5 28. c4 dxc4 29. Rc5+ Kb8 30. Qe5+ Ka7 31. Rxb5 Rxd2 32. Qe3+ R2d4 33.
Rc5 Rd3 34. Qf2 Ka8 35. Rxc4 Rd1+ 36. Kc2 Kb8 37. Qe2 b5 38. Qe5+ Kb7 39. Qc7+
Ka8 40. Rc6 R8d2+ 41. Kb3 Rd3+ 42. Ka2 1-0

[Event "Pere Noel U1800"]
[Site "Montreal CAN"]
[Date "2023.12.30"]
[Round "4.40"]
[White "Lamontagne, Damien"]
[Black "Zhao, Alex"]
[Result "1/2-1/2"]
[WhiteElo "1423"]
[BlackElo "1315"]
[PlyCount "65"]
[EventDate "2023.12.27"]
[EventType "swiss"]
[EventRounds "5"]
[EventCountry "CAN"]

1. e4 c6 2. d4 d5 3. exd5 cxd5 4. Bd3 Nc6 5. c3 Nf6 6. Nf3 Bg4 7. h3 Bxf3 8.
Qxf3 e6 9. O-O Be7 10. Re1 O-O 11. Bf4 Bd6 12. Nd2 a6 13. Qe3 b5 14. a3 Na5 15.
Nf3 Nc4 16. Bxc4 Bxf4 17. Qxf4 bxc4 18. Ne5 Qd6 19. Qh4 Nd7 20. Qg4 Rae8 21. f4
f6 22. Nxd7 Qxd7 23. Re2 Rf7 24. Rae1 Rfe7 25. Re3 a5 26. R1e2 Qd6 27. g3 Qb6
28. Kf1 Qd6 29. Qh5 Qc7 30. Kg2 Qc6 31. Kf1 Qd6 32. Kg2 Qc6 33. Kf1 1/2-1/2

[Event "Pere Noel U1800"]
[Site "Montreal CAN"]
[Date "2023.12.30"]
[Round "4.41"]
[White "Gauthier, Luc"]
[Black "Saillant, William"]
[Result "0-1"]
[WhiteElo "1670"]
[BlackElo "1467"]
[PlyCount "74"]
[EventDate "2023.12.27"]
[EventType "swiss"]
[EventRounds "5"]
[EventCountry "CAN"]

1. e4 c5 2. Nc3 Nc6 3. g3 g6 4. Bg2 d6 5. d3 Bg7 6. f4 Nf6 7. Nf3 Bd7 8. h3 h5
9. Be3 Qc7 10. Qd2 a6 11. O-O-O Rb8 12. e5 dxe5 13. fxe5 Ng8 14. Rhf1 Nh6 15.
Nd5 Qd8 16. Nc3 Nf5 17. Bf4 Rc8 18. Ne4 O-O 19. g4 Nfd4 20. Nxd4 cxd4 21. Bh6
h4 22. a3 Nxe5 23. Bxg7 Kxg7 24. Qf2 Qc7 25. Rd2 Ba4 26. Kb1 Qb6 27. Rc1 Rc7
28. Qxh4 Rh8 29. Qg3 Nc6 30. Ng5 Na5 31. Nf3 f6 32. Nxd4 Rhc8 33. Qe3 Kh7 34.
Qe4 e5 35. Nf3 Nb3 36. Qxa4 Nxd2+ 37. Nxd2 Qf2 0-1

[Event "Pere Noel U1800"]
[Site "Montreal CAN"]
[Date "2023.12.30"]
[Round "4.42"]
[White "Dauphinais, Sophie"]
[Black "Kiryakov, Marin"]
[Result "0-1"]
[WhiteElo "1461"]
[BlackElo "1604"]
[PlyCount "96"]
[EventDate "2023.12.27"]
[EventType "swiss"]
[EventRounds "5"]
[EventCountry "CAN"]

1. e4 d6 2. d4 Nf6 3. Nc3 g6 4. Nf3 Bg7 5. Be2 O-O 6. O-O a6 7. a4 Nc6 8. Re1
e5 9. d5 Ne7 10. Na2 Nxe4 11. b4 f5 12. Nd2 Nxd2 13. Qxd2 Bd7 14. a5 c6 15. c4
cxd5 16. cxd5 Rc8 17. Bb2 Qc7 18. Rac1 Qb8 19. Rxc8 Rxc8 20. Rc1 Kf8 21. Bd1
Rxc1 22. Nxc1 Qc7 23. Bb3 f4 24. f3 Nf5 25. Ne2 b5 26. Bc2 Qc4 27. Be4 Ne3 28.
Kf2 Qb3 29. Bc1 Nc4 30. Qc3 Qxc3 31. Nxc3 Bf6 32. Bd3 Bd8 33. Bxc4 bxc4 34. Ke2
h6 35. Ne4 Ke7 36. Kd2 g5 37. Kc3 Bb5 38. Nd2 h5 39. Nxc4 g4 40. fxg4 hxg4 41.
Nd2 Kd7 42. Ne4 Bf1 43. g3 Bg2 44. Kd3 Bxe4+ 45. Kxe4 f3 46. Be3 Bg5 47. Kd3
Bxe3 48. Kxe3 e4 0-1

[Event "Pere Noel U1800"]
[Site "Montreal CAN"]
[Date "2023.12.30"]
[Round "4.43"]
[White "Wang, Andrew"]
[Black "Rauch, Damien"]
[Result "0-1"]
[WhiteElo "1258"]
[BlackElo "1531"]
[PlyCount "61"]
[EventDate "2023.12.27"]
[EventType "swiss"]
[EventRounds "5"]
[EventCountry "CAN"]

1. e4 e5 2. Nf3 Nf6 3. Nxe5 d6 4. Nf3 Nxe4 5. d4 d5 6. Bd3 Bd6 7. O-O O-O 8.
Re1 Bf5 9. c4 c6 10. Qb3 Qd7 11. Nc3 dxc4 12. Bxc4 Nxc3 13. bxc3 b5 14. Bf1 a5
15. a4 b4 16. cxb4 axb4 17. Bc4 Na6 18. Bb2 Nc7 19. Ne5 Bxe5 20. dxe5 c5 21. a5
Be6 22. Bxe6 Qxe6 23. Qxe6 Nxe6 24. Kf1 c4 25. Rac1 Rfc8 26. Ke2 c3 27. Bxc3
bxc3 28. g3 Nd4+ 29. Kd3 Nb3 30. Rxc3 Rxc3+ 31. Kxc3 0-1

[Event "Pere Noel U1800"]
[Site "Montreal CAN"]
[Date "2023.12.30"]
[Round "4.44"]
[White "Bergeron, Jean-Guy"]
[Black "Sonko, Babacar"]
[Result "1-0"]
[WhiteElo "1427"]
[BlackElo "1526"]
[PlyCount "51"]
[EventDate "2023.12.27"]
[EventType "swiss"]
[EventRounds "5"]
[EventCountry "CAN"]

1. c4 e6 2. Nc3 f5 3. d4 Nf6 4. Bg5 Bb4 5. Qc2 Bxc3+ 6. bxc3 O-O 7. Nf3 d6 8.
e4 fxe4 9. Bxf6 Qxf6 10. Qxe4 Nc6 11. Bd3 g6 12. O-O e5 13. c5 Be6 14. cxd6
cxd6 15. dxe5 Nxe5 16. Nxe5 Qxe5 17. Qxe5 dxe5 18. Rfe1 Rad8 19. Rad1 Bxa2 20.
Rxe5 Bb3 21. Rd2 Rf6 22. Bc4+ Bxc4 23. Rxd8+ Kg7 24. Rd7+ Rf7 25. Rxf7+ Bxf7
26. Re7 1-0

[Event "Pere Noel U1800"]
[Site "Montreal CAN"]
[Date "2023.12.30"]
[Round "4.45"]
[White "Germain, Max jr"]
[Black "Liao, Minyan"]
[Result "0-1"]
[WhiteElo "1426"]
[BlackElo "1491"]
[PlyCount "90"]
[EventDate "2023.12.27"]
[EventType "swiss"]
[EventRounds "5"]
[EventCountry "CAN"]

1. d4 Nf6 2. c4 e6 3. Nc3 Bb4 4. a3 Bxc3+ 5. bxc3 O-O 6. Bg5 d6 7. e4 Nbd7 8.
Bd3 c5 9. Ne2 Qa5 10. O-O cxd4 11. Bxf6 Nxf6 12. cxd4 Bd7 13. Qe1 Qd8 14. f4 d5
15. cxd5 exd5 16. e5 Ne4 17. f5 Qg5 18. Nf4 Bc6 19. Nh3 Qd2 20. Qxd2 Nxd2 21.
Rf4 f6 22. e6 b5 23. Ra2 Nc4 24. g4 h6 25. Nf2 a5 26. h4 b4 27. axb4 axb4 28.
Re2 b3 29. e7 Rfb8 30. Nd1 Ra1 31. Rf1 b2 32. Nc3 Na3 33. Nb1 Nxb1 34. Bxb1 Kf7
35. Re6 Be8 36. Kf2 Ra7 37. Rfe1 Rbb7 38. R1e2 Rxe7 39. Rxe7+ Rxe7 40. Rxe7+
Kxe7 41. Ke3 Bb5 42. Kf4 Bf1 43. g5 Bg2 44. gxh6 gxh6 45. Kg4 Be4 0-1

[Event "Pere Noel U1800"]
[Site "Montreal CAN"]
[Date "2023.12.30"]
[Round "4.46"]
[White "Chaudari, Prabhas"]
[Black "Ouimet, Alain"]
[Result "1-0"]
[WhiteElo "1487"]
[BlackElo "1322"]
[PlyCount "75"]
[EventDate "2023.12.27"]
[EventType "swiss"]
[EventRounds "5"]
[EventCountry "CAN"]

1. e4 c5 2. d4 cxd4 3. c3 g6 4. cxd4 Bg7 5. Nf3 d6 6. Bc4 Nc6 7. O-O Nf6 8. Nc3
O-O 9. h3 a6 10. Bb3 b5 11. Qe2 Na5 12. Bc2 Qc7 13. Bf4 Bd7 14. Rac1 b4 15. Nd5
Nxd5 16. exd5 Qb7 17. Qxe7 Rfe8 18. Qxd6 Bf8 19. Qf6 Bg7 20. Qg5 Qb6 21. Bd3
Bf6 22. Qg3 Bg7 23. Bc7 Qb7 24. Bxa5 Qxd5 25. Bxb4 Bb5 26. Bxb5 axb5 27. a3 Re2
28. Bc3 Ree8 29. Rfe1 Red8 30. Re2 Qf5 31. Rce1 Ra7 32. Re8+ Rxe8 33. Rxe8+ Bf8
34. Rxf8+ Kxf8 35. Qb8+ Kg7 36. Qxa7 Qf4 37. d5+ Kh6 38. Bd2 1-0

[Event "Pere Noel U1800"]
[Site "Montreal CAN"]
[Date "2023.12.30"]
[Round "4.47"]
[White "Ouni, Iheb"]
[Black "Imbeault, Marc"]
[Result "1-0"]
[WhiteElo "1363"]
[BlackElo "1276"]
[PlyCount "74"]
[EventDate "2023.12.27"]
[EventType "swiss"]
[EventRounds "5"]
[EventCountry "CAN"]

1. e4 e5 2. f4 d6 3. Nf3 Nd7 4. Bc4 Be7 5. fxe5 Nxe5 6. Nxe5 dxe5 7. O-O Nf6 8.
d3 O-O 9. Bg5 h6 10. Bh4 g5 11. Bg3 Qd4+ 12. Kh1 Qxb2 13. Nd2 Ng4 14. Rb1 Qd4
15. Qf3 Nf6 16. Qe2 Bg4 17. Nf3 Qc5 18. Rb5 Qc6 19. Bxe5 a6 20. Rbb1 b5 21.
Bxf6 Bxf6 22. Bd5 Qd7 23. Bxa8 Rxa8 24. h3 Be6 25. a3 c5 26. Nd2 Bd4 27. Qh5
Bg7 28. Nb3 Rc8 29. Qf3 c4 30. dxc4 Bxc4 31. Rfd1 Qc7 32. Nd4 Bxd4 33. Rxd4 Be6
34. Qf6 Rf8 35. Rbd1 Kh7 36. Rd8 Qxc2 37. Qe5 Qc7 1-0

[Event "Pere Noel U1800"]
[Site "Montreal CAN"]
[Date "2023.12.30"]
[Round "5.28"]
[White "Hu, Richard"]
[Black "Bernard, Axel"]
[Result "1/2-1/2"]
[WhiteElo "1515"]
[BlackElo "1417"]
[PlyCount "125"]
[EventDate "2023.12.27"]
[EventType "swiss"]
[EventRounds "5"]
[EventCountry "CAN"]

1. e4 c6 2. d4 d5 3. exd5 cxd5 4. c4 Nf6 5. Nc3 Nc6 6. Nf3 e6 7. Bg5 Be7 8. Be2
O-O 9. O-O dxc4 10. Bxc4 Na5 11. Bb3 Nxb3 12. Qxb3 b6 13. Rfd1 Bb7 14. Ne5 Nd5
15. Bxe7 Qxe7 16. a4 Nf4 17. f3 Qg5 18. g3 Nh3+ 19. Kg2 Qh5 20. Ne4 Bd5 21. Qe3
f6 22. Nd3 f5 23. Nd2 f4 24. Nxf4 Nxf4+ 25. gxf4 Qg4+ 26. Kf2 Rxf4 27. Rf1 Qh4+
28. Kg2 Rg4+ 29. Kh1 Rxd4 30. b3 Rf8 31. Rac1 Rdf4 32. Kg2 Qg4+ 33. Kh1 Bxf3+
34. Nxf3 Rxf3 35. Rxf3 Qxf3+ 36. Qxf3 Rxf3 37. Rc6 Rxb3 38. Rxe6 Rb4 39. a5 Kf7
40. Rc6 bxa5 41. Rc7+ Kg6 42. Rxa7 Ra4 43. Ra6+ Kh5 44. Ra7 Kh6 45. Ra6+ g6 46.
Kg2 Ra1 47. Kg3 a4 48. Kh4 a3 49. Kh3 a2 50. Kh4 Kg7 51. Ra7+ Kf6 52. Ra6+ Ke5
53. Ra5+ Kd4 54. Ra4+ Kc3 55. Ra8 Kd3 56. Ra3+ Kc4 57. Ra8 g5+ 58. Kh5 g4 59.
Kg5 h5 60. Kh4 g3 61. Kh3 gxh2 62. Kxh2 Kb5 63. Ra7 1/2-1/2

[Event "Pere Noel U1800"]
[Site "Montreal CAN"]
[Date "2023.12.30"]
[Round "5.29"]
[White "Ivanov Yuan, Maksim"]
[Black "Baran, Marius"]
[Result "1-0"]
[WhiteElo "1488"]
[BlackElo "1736"]
[PlyCount "30"]
[EventDate "2023.12.27"]
[EventType "swiss"]
[EventRounds "5"]
[EventCountry "CAN"]

1. e4 c6 2. d4 d5 3. exd5 cxd5 4. c4 dxc4 5. Bxc4 e6 6. Nf3 Nf6 7. Nc3 Nc6 8.
O-O Be7 9. h3 O-O 10. Be3 b6 11. Rc1 Bb7 12. Qe2 Nb4 13. a3 Nbd5 14. Nxd5 Nxd5
15. Ne5 Rc8 {Phone ring} 1-0

[Event "Pere Noel U1800"]
[Site "Montreal CAN"]
[Date "2023.12.30"]
[Round "5.30"]
[White "Porlier, Xavier"]
[Black "Amari, Mathias"]
[Result "1-0"]
[WhiteElo "1614"]
[BlackElo "1421"]
[PlyCount "107"]
[EventDate "2023.12.27"]
[EventType "swiss"]
[EventRounds "5"]
[EventCountry "CAN"]

1. e4 c6 2. Nf3 d5 3. exd5 cxd5 4. d4 Nf6 5. c4 Nc6 6. Nc3 Bg4 7. cxd5 Nxd5 8.
Qb3 Nb6 9. d5 Bxf3 10. gxf3 Nd4 11. Bb5+ Nxb5 12. Nxb5 a6 13. Nc3 g6 14. Be3
Nd7 15. Bd4 Nf6 16. Qxb7 Bg7 17. Qc6+ Kf8 18. O-O Nh5 19. Bb6 Qc8 20. Rad1 Be5
21. Bd4 Bxd4 22. Qxc8+ Rxc8 23. Rxd4 Kg7 24. Re1 Rhe8 25. Rde4 Nf6 26. Rxe7
Rxe7 27. Rxe7 Rd8 28. Ra7 Rd6 29. a4 Nd7 30. Ne4 Rxd5 31. Rxa6 Ne5 32. Kg2 Nd3
33. Rd6 Rxd6 34. Nxd6 Nxb2 35. a5 Na4 36. Ne8+ Kf8 37. Nc7 Kg7 38. a6 h5 39. a7
Nb6 40. a8=Q Nxa8 41. Nxa8 Kh6 42. Kg3 Kg5 43. h4+ Kf5 44. Nc7 f6 45. Nd5 g5
46. Ne3+ Ke5 47. Ng2 Kf5 48. f4 g4 49. f3 Kg6 50. fxg4 hxg4 51. Kxg4 f5+ 52.
Kf3 -- 53. Ke3 Kf6 54. Kd4 1-0